Villes traversées par l'autoroute A46 - rocade est lyonnaise - Statistiques

Statistiques générales
  • Ce quiz a été pris 44 fois
  • Le résultat moyen est 5 sur 7
Statistiques - réponses
ville population kilomètre % Correct
Saint-Priest 50 751 42
91%
Vaulx-en-Velin 54 682 27
85%
Decines-Charpieu 30 997 32
73%
Meyzieu 37 521 33
73%
Rillieux-la-Pape 31 718 23
70%
Givors (A7-A47) 21 343 59
45%
Anse (A6) 8 508 0
27%
Aucun quiz correspondant
Distribution des résultats
% des personnes avec chaque résultat
Percentile par nombre de réponses
Votre historique - résultats
Vous n’avez pas pris ce quiz